Quiz sulla storia di Capo Verde - Statistics

Statistiche generali
  • Questo quiz è stato fatto 8 volte
  • Il punteggio medio è 9 su 12
Statistiche sulle risposte
DOMANDA RISPOSTA % Corretto
Numero di Patrimoni dell'umanità presenti nell'arcipelago 1
100%
Le isole vennero riscoperte da navigatori di questa nazione a metà del '400 dalla quale non si staccheranno fino al '900 Portogallo
100%
Vi sostò nel 1498 questo famoso navigatore durante il suo terzo viaggio per le Americhe (cognome) Colombo
86%
Alcuni attribuiscono la scoperta dell'arcipelago ad un "italiano" che proveniva da questa città/repubblica Venezia
86%
Anno d'indipendenza (post 1960) 1975
71%
Le isole furono considerate nell'antichità il luogo dove Annone trucidò due femmine di "Gorillai". Da dove proveniva? (PS: Conterraneo di Annibale) Cartagine
71%
Ramo religioso maggiormente praticato nel paese Cattolicesimo
71%
Molto probabilmente potrebbero essere state avvistate anche da pescatori proveniente da questo stato dell'Africa nord-occidentale Guinea
71%
Soprattutto in Portogallo, in questi ultimi anni, si discute sul fatto di far entrare l'arcipelago in questa organizzazione sovranazionale UE/Unione Europea
71%
Alla fine dell'800 a causa di un periodo di siccità, molti capoverdiani emigrarono principalmente verso questo stato americano Usa/Stati Uniti
71%
Si discusse a lungo su una possibile unificazione con questo stato dell'entroterra africano dalle culture simili (soprattutto per quanto riguarda la non colonizzazione anglofrancese) Guinea Bissau
57%
Nel 2023 Capo Verde ha raggiunto una storica qualificazione per i mondiali in questo sport Basket/Pallacanestro
43%
Nessun quiz corrispondente trovato
Distribuzione punteggi
Percentuale di utenti per punteggio
Percentile per numero di risposta
I tuoi punteggi nel tempo
Non hai fatto questo quiz